000 00682nam a2200253Ia 4500
003 OSt
005 20220928130601.0
006 a|||||r|||| 00| 0
007 ta
008 220927b |||||||| |||| 00| 0 eng d
024 _a27939
037 _cTextual
040 _aSDCL
_cSDCL
_beng
041 _2eng
_aeng
082 _aX:8D, N6
100 _aVan Horne James C
245 0 _aFundamentals of financial management
250 _a11
260 _aNew Delhi
_bPrentice-Hall of India
_c1996
300 _axxi,743p
_ccm.
700 _a Wachowicz John M
_9474828
942 _hX:8D, N6
_cTEXL
_2CC
999 _c787389
_d787389